The faith of the church : (Record no. 5610)

MARC details
000 -LEADER
fixed length control field 00770nam a2200181Ia 4500
008 - FIXED-LENGTH DATA ELEMENTS--GENERAL INFORMATION
fixed length control field 081213s9999 xx 000 0 und d
050 ## - LIBRARY OF CONGRESS CALL NUMBER
Classification number BT993
Item number .B37 1958
100 ## - MAIN ENTRY--PERSONAL NAME
Personal name Barth, Karl
245 ## - TITLE STATEMENT
Title The faith of the church :
Remainder of title a commentary on the apostle's creed according to Calvin's catechism
Statement of responsibility, etc Karl Barth
260 ## - PUBLICATION, DISTRIBUTION, ETC. (IMPRINT)
Date of publication, distribution, etc 1958
Place of publication, distribution, etc London:
Name of publisher, distributor, etc Collins,
300 ## - PHYSICAL DESCRIPTION
Extent 160 p.
Dimensions 18 cm
500 ## - GENERAL NOTE
General note Includes bibilography
650 ## - SUBJECT ADDED ENTRY--TOPICAL TERM
Topical term following geographic name as entry element Apostle's Creed
650 ## - SUBJECT ADDED ENTRY--TOPICAL TERM
Topical term following geographic name as entry element Calvin, John
942 ## - ADDED ENTRY ELEMENTS (KOHA)
Item type Book
Source of classification or shelving scheme Library of Congress Classification
Holdings
Withdrawn status Lost status Source of classification or shelving scheme Damaged status Not for loan Home library Current library Date acquired Total Checkouts Full call number Barcode Date last borrowed Copy number Price effective from Koha item type
    Library of Congress Classification     Bishop Okullu Memorial Library (Limuru Campus) Bishop Okullu Memorial Library (Limuru Campus) 15/12/2008 2 BT993 .B37 1958 001098 22/06/2017 1 15/12/2008 Book
    Library of Congress Classification     Bishop Okullu Memorial Library (Limuru Campus) Bishop Okullu Memorial Library (Limuru Campus) 09/03/2009 1 BT993 .B37 1958 001099 11/08/2009 2 09/03/2009 Book